Алгоритм проверки корректности решения задачи оценки времени запаздывания частотно-временным корреляционным методом; Наука. Технологии. Инновации; Ч. 2

التفاصيل البيبلوغرافية
Parent link:Наука. Технологии. Инновации: сборник трудов конференции, Новосибирск, 4-8 декабря 2017 г.,/ Новосибирский государственный технический университет (НГТУ) ; под ред. С. В. Макарова.— , 2017
Ч. 2.— 2017.— [С. 66-70]
المؤلف الرئيسي: Фаерман В. А. Владимир Андреевич
مؤلف مشترك: Национальный исследовательский Томский политехнический университет Инженерная школа информационных технологий и робототехники Отделение автоматизации и робототехники (ОАР)
مؤلفون آخرون: Аврамчук В. С. Валерий Степанович
الملخص:Заглавие с экрана
В работе рассмотрена задача цифровой обработки сигналов - оценка времени запаздывания. Предложено оригинальное решение данной задачи, состоящее в совместном применении частотно-временного корреляционного метода оценки времени запаздывания и алгоритма проверки корректности полученного результата, основанное на анализе вида взаимной частотной характеристики сигналов. Представлен пример приложения решения к задаче обработки сигнала трубопроводной течи.
Режим доступа: по договору с организацией-держателем ресурса
اللغة:الروسية
منشور في: 2017
الموضوعات:
الوصول للمادة أونلاين:https://elibrary.ru/item.asp?id=32588491
التنسيق: الكتروني فصل الكتاب
KOHA link:https://koha.lib.tpu.ru/cgi-bin/koha/opac-detail.pl?biblionumber=657833

MARC

LEADER 00000naa0a2200000 4500
001 657833
005 20250624144710.0
035 |a (RuTPU)RU\TPU\network\24635 
035 |a RU\TPU\network\23219 
090 |a 657833 
100 |a 20180325d2017 k y0rusy50 ca 
101 0 |a rus 
102 |a RU 
135 |a drcn ---uucaa 
181 0 |a i  
182 0 |a b 
200 1 |a Алгоритм проверки корректности решения задачи оценки времени запаздывания частотно-временным корреляционным методом  |f В. А. Фаерман, В. С. Аврамчук 
203 |a Текст  |c электронный 
300 |a Заглавие с экрана 
320 |a [Библиогр.: 1 назв.] 
330 |a В работе рассмотрена задача цифровой обработки сигналов - оценка времени запаздывания. Предложено оригинальное решение данной задачи, состоящее в совместном применении частотно-временного корреляционного метода оценки времени запаздывания и алгоритма проверки корректности полученного результата, основанное на анализе вида взаимной частотной характеристики сигналов. Представлен пример приложения решения к задаче обработки сигнала трубопроводной течи. 
333 |a Режим доступа: по договору с организацией-держателем ресурса 
461 |t Наука. Технологии. Инновации  |o сборник трудов конференции, Новосибирск, 4-8 декабря 2017 г.,  |o в 10 ч.  |f Новосибирский государственный технический университет (НГТУ) ; под ред. С. В. Макарова  |d 2017 
463 |t Ч. 2  |v [С. 66-70]  |d 2017 
610 1 |a электронный ресурс 
610 1 |a труды учёных ТПУ 
610 1 |a цифровая обработка 
610 1 |a запаздывание 
610 1 |a частотно-временные методы 
610 1 |a корреляционные методы 
610 1 |a трубопроводы 
700 1 |a Фаерман  |b В. А.  |c специалист в области информатики и вычислительной техники  |c инженер Томского политехнического университета  |f 1990-  |g Владимир Андреевич  |3 (RuTPU)RU\TPU\pers\32932 
701 1 |a Аврамчук  |b В. С.  |c специалист в области автоматики и компьютерной техники  |c доцент Томского политехнического университета, кандидат технических наук  |f 1978-  |g Валерий Степанович  |3 (RuTPU)RU\TPU\pers\25928 
712 0 2 |a Национальный исследовательский Томский политехнический университет  |b Инженерная школа информационных технологий и робототехники  |b Отделение автоматизации и робототехники (ОАР)  |3 (RuTPU)RU\TPU\col\23553 
801 0 |a RU  |b 63413507  |c 20180325  |g RCR 
850 |a 63413507 
856 4 |u https://elibrary.ru/item.asp?id=32588491 
942 |c CF